[Event "Chigorin Memorial 29th"]
[Site "St Petersburg"]
[Date "2022.10.29"]
[Round "8"]
[White "Klachkou, Platon"]
[Black "Surkova, Sofya"]
[Result "1-0"]
[WhiteElo "2116"]
[BlackElo "1807"]
[PlyCount "59"]
[EventDate "2022.10.22"]
[EventType "swiss"]
[EventRounds "9"]
[EventCountry "RUS"]
[SourceTitle "EXT 2024"]
[Source "ChessBase"]
[SourceDate "2023.10.10"]
[SourceVersion "1"]
[SourceVersionDate "2023.10.10"]
[SourceQuality "1"]

1. c4 c5 2. Nf3 Nf6 3. b3 e6 4. Bb2 d5 5. g3 Nc6 6. Bg2 d4 7. 0-0 e5 8. e3 Bf5 9. exd4 exd4 10. Re1+ Be7 11. Ne5 Qc7 12. Nxc6 bxc6 13. Qf3 Bd7 14. b4 Rb8 15. d3 Qd8 16. Qe2 0-0 17. Qxe7 Qb6 18. Qe2 Qxb4 19. Ba3 Qa5 20. Qd2 Qb6 21. Qg5 Qa5 22. Qd2 Qb6 23. Bc1 Rfe8 24. Rxe8+ Rxe8 25. Na3 Bg4 26. Rb1 Qc7 27. Nc2 h6 28. f3 Bf5 29. Bf1 Bg6 30. Ba3 1-0

[Event "Chigorin Memorial 29th"]
[Site "St Petersburg"]
[Date "2022.10.27"]
[Round "6"]
[White "Veliev, Gasan"]
[Black "Surkova, Sofya"]
[Result "0-1"]
[WhiteElo "2157"]
[BlackElo "1807"]
[PlyCount "72"]
[EventDate "2022.10.22"]
[EventType "swiss"]
[EventRounds "9"]
[EventCountry "RUS"]
[SourceTitle "EXT 2024"]
[Source "ChessBase"]
[SourceDate "2023.10.10"]
[SourceVersion "1"]
[SourceVersionDate "2023.10.10"]
[SourceQuality "1"]

1. e4 c5 2. Nf3 d6 3. b4 cxb4 4. Bb2 e6 5. d4 Nf6 6. Bd3 Be7 7. 0-0 0-0 8. a3 bxa3 9. Nxa3 Nc6 10. c4 Nb4 11. Bb1 b6 12. Qe1 d5 13. e5 Ne8 14. Bc3 a5 15. cxd5 Nxd5 16. Qe4 g6 17. Bd2 Ba6 18. Re1 b5 19. Nc2 b4 20. h4 Bb7 21. h5 Qd7 22. Qg4 Ng7 23. Bh6 Rfc8 24. hxg6 hxg6 25. Ne3 Nf5 26. Nxf5 exf5 27. Qg3 f4 28. Bxf4 Nxf4 29. Qxf4 Bxf3 30. e6 fxe6 31. Qxf3 Qxd4 32. Ba2 Rf8 33. Bxe6+ Kg7 34. Qe2 Bc5 35. Red1 Rxf2 36. Rxd4 Rxe2 0-1

[Event "St Petersburg Korchnoi Memorial op"]
[Site "St Petersburg"]
[Date "2019.08.20"]
[Round "7"]
[White "Surkova, Sofya"]
[Black "Fairuzova, Zulfiiya"]
[Result "0-1"]
[WhiteElo "1639"]
[BlackElo "1847"]
[PlyCount "122"]
[EventDate "2019.08.14"]
[EventType "swiss"]
[EventRounds "9"]
[EventCountry "RUS"]
[SourceTitle "CBM 192"]
[Source "ChessBase"]
[SourceDate "2019.10.31"]
[SourceVersion "1"]
[SourceVersionDate "2019.10.31"]
[SourceQuality "1"]

1. e4 e5 2. Nf3 d6 3. d4 exd4 4. Nxd4 Nf6 5. Nc3 Bd7 6. Bc4 Be7 7. a4 Nc6 8. 0-0 0-0 9. Bf4 a6 10. h3 Nxd4 11. Qxd4 Bc6 12. Rfe1 Nd7 13. Bd5 Bf6 14. Qd2 Bxd5 15. Nxd5 Nc5 16. e5 dxe5 17. Bxe5 Bxe5 18. Rxe5 Ne6 19. Rd1 c6 20. Ne3 Qxd2 21. Rxd2 Rfd8 22. Rxd8+ Rxd8 23. Kf1 Kf8 24. Nc4 g6 25. Na5 Rd7 26. Nb3 Rd1+ 27. Re1 Rd5 28. Re4 Rd1+ 29. Re1 Rxe1+ 30. Kxe1 Ke7 31. Ke2 Kd6 32. Ke3 Kd5 33. Nd2 f5 34. g3 h6 35. h4 b5 36. axb5 cxb5 37. b3 Nc5 38. c4+ bxc4 39. bxc4+ Kd6 40. Kd4 a5 41. f3 a4 42. Nb1 Nb3+ 43. Kc3 Kc5 44. g4 Nd4 45. Nd2 a3 46. gxf5 gxf5 47. h5 a2 48. Kb2 Kb4 49. Kxa2 Kc3 50. Nf1 Kxc4 51. Ne3+ Kd3 52. Nd5 Nxf3 53. Ne7 Ke4 54. Ng8 Ne5 55. Nxh6 f4 56. Ng8 f3 57. Nf6+ Kf5 58. Nd5 Ng4 59. Ne7+ Kg5 60. Nd5 f2 61. Nc3 f1Q 0-1

[Event "Rotterdam Basamro 5th"]
[Site "Rotterdam"]
[Date "2017.09.23"]
[Round "1.1"]
[White "Surkova, Sofya"]
[Black "Babanin, Gleb"]
[Result "1-0"]
[WhiteElo "1682"]
[BlackElo "2154"]
[PlyCount "81"]
[EventDate "2017.09.23"]
[EventType "team-tourn"]
[EventRounds "3"]
[EventCountry "NED"]
[SourceTitle "CBM 180 Extra"]
[Source "ChessBase"]
[SourceDate "2017.10.06"]
[SourceVersion "1"]
[SourceVersionDate "2017.10.06"]
[SourceQuality "1"]
[WhiteTeam "Murmansk Region"]
[BlackTeam "St Petersburg Region"]
[WhiteTeamCountry "RUS"]
[BlackTeamCountry "RUS"]

1. e4 e5 2. Nf3 Nc6 3. Bb5 a6 4. Ba4 Nf6 5. 0-0 Be7 6. Re1 b5 7. Bb3 d6 8. h3 Na5 9. c3 Nxb3 10. Qxb3 Bb7 11. d3 0-0 12. Qc2 c5 13. Nbd2 Qc7 14. Nf1 Rfe8 15. c4 Bc6 16. b3 a5 17. Bd2 bxc4 18. bxc4 a4 19. a3 Reb8 20. Reb1 Bd8 21. Ne3 Nd7 22. Bc3 Nf8 23. Nf5 f6 24. Rxb8 Rxb8 25. Rb1 Ne6 26. g3 Nd4 27. N3xd4 exd4 28. Rxb8 Qxb8 29. Qb2 Qb3 30. Qxb3 axb3 31. Bb2 Ba5 32. Ne7+ Kf7 33. Nxc6 Bc3 34. Bc1 Ke8 35. Na7 Kd7 36. Nb5 Kc6 37. Kf1 g6 38. Ke2 f5 39. f3 Kd7 40. Kd1 Kc6 41. Bf4 1-0

[Event "Rotterdam Basamro 3rd"]
[Site "Rotterdam"]
[Date "2015.10.24"]
[Round "1.6"]
[White "Howell, Oliver W"]
[Black "Surkova, Sofya"]
[Result "0-1"]
[WhiteElo "1507"]
[BlackElo "1554"]
[PlyCount "42"]
[EventDate "2015.10.24"]
[EventType "team-tourn"]
[EventRounds "3"]
[EventCountry "NED"]
[SourceTitle "EXT 2018"]
[Source "ChessBase"]
[SourceDate "2017.10.13"]
[SourceVersion "1"]
[SourceVersionDate "2017.10.13"]
[SourceQuality "1"]
[WhiteTeam "England U18"]
[BlackTeam "Murmansk Region"]
[WhiteTeamCountry "ENG"]
[BlackTeamCountry "RUS"]

1. e4 c5 2. a3 g6 3. h4 Bg7 4. h5 g5 5. Nc3 h6 6. Bc4 e6 7. d3 Nc6 8. f4 Bxc3+ 9. bxc3 b6 10. fxg5 hxg5 11. Bb5 Qf6 12. Bxc6 dxc6 13. g4 Qxc3+ 14. Bd2 Qg7 15. Nf3 f6 16. Bc3 e5 17. Bb2 Bxg4 18. Qe2 Rxh5 19. 0-0-0 Qh6 20. Qg2 Bxf3 21. Qxf3 g4+ 0-1

[Event "Rotterdam Basamro blitz op "]
[Site "Rotterdam"]
[Date "2015.10.24"]
[Round "8"]
[White "Wang, Susie"]
[Black "Surkova, Sofya"]
[Result "0-1"]
[WhiteElo "1600"]
[BlackElo "1554"]
[PlyCount "100"]
[EventDate "2015.10.24"]
[EventType "swiss (blitz)"]
[EventRounds "8"]
[EventCountry "NED"]
[SourceTitle "EXT 2018"]
[Source "ChessBase"]
[SourceDate "2017.10.13"]
[SourceVersion "1"]
[SourceVersionDate "2017.10.13"]
[SourceQuality "1"]

1. e4 c5 2. Nf3 d6 3. d4 cxd4 4. Nxd4 Nf6 5. Nc3 a6 6. Be3 e5 7. Nb3 Be6 8. Be2 Be7 9. 0-0 0-0 10. Bd3 Nc6 11. f4 Qc7 12. fxe5 dxe5 13. Qe2 Rad8 14. h3 b5 15. Rad1 Nd4 16. Nxd4 exd4 17. Bf4 Bd6 18. e5 dxc3 19. exd6 Qc5+ 20. Be3 Qc8 21. b3 g6 22. Bg5 Qc5+ 23. Be3 Qe5 24. Bf4 Qxe2 25. Bxe2 Nd5 26. Bg3 Ne3 27. Rfe1 Nxd1 28. Rxd1 f5 29. Bh4 Rd7 30. Be7 Rc8 31. Bf3 Rc5 32. b4 Rc8 33. a3 Re8 34. Kf1 Kf7 35. Ke1 Rexe7 36. dxe7 Rxe7 37. Rd3 Bc4+ 38. Re3 Rxe3+ 39. Kf2 Re7 40. Bd1 Be6 41. Kg3 Rd7 42. Kf2 Rxd1 43. Ke2 Rd2+ 44. Ke3 Rxc2 45. Kd3 Rd2+ 46. Kxc3 Rxg2 47. Kd4 Rd2+ 48. Kc5 Rd7 49. Kb6 Rd6+ 50. Kc5 Ke7 0-1